| 000 | 00362nam a22001577a 4500 | ||
|---|---|---|---|
| 999 |
_c11031 _d11031 |
||
| 003 | OSt | ||
| 008 | 211110b ||||| |||| 00| 0 eng d | ||
| 020 | _a9788190611633 | ||
| 082 | _a005.1 GIS | ||
| 100 | _aGILL,Nasib Singh | ||
| 245 | _aSoftware Engineering | ||
| 260 |
_aNew Delhi _bKhanna Pub _c2020 |
||
| 300 | _a622 | ||
| 650 | _aBCA | ||
| 942 |
_2ddc _cBK _01 |
||